| 000 | 01055cam a2200133 4500500 | ||
|---|---|---|---|
| 005 | 20251228142015.0 | ||
| 041 | _afre | ||
| 042 | _adc | ||
| 100 | 1 | 0 |
_aPrédal, René _eauthor |
| 245 | 0 | 0 | _aL'étrange destin du Docteur Voronoff : En quête d'une jeunesse éternelle ? |
| 260 |
_bL'Harmattan,
_c2017. |
||
| 520 | _aAlors que la psychanalyse commence à répandre les théories freudiennes plaçant la sexualité au centre des psychoses et névroses, le Docteur Voronoff, lui, soigne les organes génitaux. Excellant dans l’art des greffes, il agit en chirurgien et non en psychologue. Pour lui, le désir est entre les jambes et non dans le cerveau. En avance sur son temps, Voronoff découvre l’importance fondamentale des glandes sexuelles dans les comportements et l’esprit humains. Mais sa réputation sulfureuse finira par se retourner contre sa valeur scientifique dans un combat entre éthique et raison. | ||
| 856 | 4 | 1 | _uhttps://shs.cairn.info/letrange-destin-du-docteur-voronoff--9782343120843?lang=fr&redirect-ssocas=7080 |
| 999 |
_c1607976 _d1607976 |
||